Raperzy na kanale SBM Label - Statystyki

Ogólne statystyki
  • Ten quiz został rozwiązany 234 razy
  • Średni wynik to 19 z 140
Statystyki odpowiedzi
Odpowiedź % Poprawnych
Bedoes
97%
Białas
89%
White 2115
89%
Mata
82%
Solar
76%
Lanek
67%
Beteo
58%
Jan-rapowanie
58%
Kinny Zimmer
58%
Quebonafide
51%
Adi Nowak
50%
Żabson
50%
Kuqe
49%
Janusz Walczuk
47%
Fukaj
46%
Kacperczyk
44%
Blacha 2115
41%
Reto
41%
Nypel
39%
Szpaku
38%
Oki
32%
Kubi Producent
28%
TomB
27%
Young Multi
27%
Deemz
25%
Kizo
24%
Malik Montana
24%
Moli
24%
Young Igi
24%
Wac ToJa
23%
Flexxy 2115
22%
Young Leosia
22%
Paluch
20%
Otsochodzi
18%
Avi
17%
Kękę
17%
ADM
16%
Guzior
14%
Zui
14%
Koldi
13%
Popek
13%
Skute Bobo
13%
Chivas
12%
Wyguś
12%
Gombao 33
11%
Nocny
11%
Pedro
11%
Pezet
11%
Smolasty
11%
Kuban
10%
PlanBe
10%
Sokół
10%
Szczepan
10%
2115
9%
Filipek
8%
Tadeo
8%
DJ Johny
7%
Francis
7%
Gedz
7%
Bonson
6%
Jakub Grabowski
6%
Kaz Bałagane
6%
Louis Villain
6%
Palar
6%
MrPolska
5%
Wiatr
5%
Adam
4%
Dorota
4%
Nowciax
4%
po prostu Kajtek
4%
Włodar
4%
Zetha
4%
Bryan
3%
Danny
3%
Eis
3%
Kuba Knap
3%
Pablo 2115
3%
Ananas
2%
Blejk
2%
Eldo
2%
Eripe
2%
Felivers
2%
Grimmy
2%
Gverilla
2%
Holak
2%
Kara
2%
Kosa
2%
Kronkel Dom
2%
Marian Lichtman
2%
Pressa
2%
Rafonix
2%
Taco Hamingway
2%
charlie moncler
1%
Foux
1%
Hary
1%
Julia Pośnik
1%
Julia Wieniawa
1%
Justyna Kuśmierczyk
1%
Łazy The Loser
1%
Margaret
1%
Misia Furtak
1%
MIYO
1%
Muflon
1%
Neile
1%
Pliki
1%
Ralph Kaminski
1%
SB Maffija
1%
Sitek
1%
Trzy-Sześć
1%
Zelo PTP
1%
Bezczel
0%
Catchup
0%
Cywil
0%
Czesław Śpiewa
0%
Diset
0%
Dj Długi
0%
DJ Hałas
0%
DJ Kebs
0%
DJ Klasyk
0%
DJ Serio92
0%
Drużyna 2115
0%
Dwa Sławy
0%
Falcon1
0%
Gołe uOrkiestra
0%
K-Leah
0%
Kuba Karaś
0%
Łuszy
0%
McDonald's
0%
Mentor
0%
Merghani
0%
Patryk MTS
0%
Rose
0%
Sapi Tha King
0%
SB Starter
0%
Susk
0%
Sztoss
0%
trap stary
0%
Troom
0%
Vito Bambino
0%
ΠYHA
0%
Nie znaleziono quizów pasujących do podanych kryteriów
Rozkład punktacji
Procent ludzi z każdym wynikiem
Percentyl według liczby udzielonych odpowiedzi
Twoja historia wyników
Nie rozwiązałeś tego quizu